1882 1369 1167 1607 1814 1951 1174 1761 1871 1616 1323 1632 1755 1364 1756 1417 1767 1042 1705 1695 1809 1319 1442 1485 1665 1175 1603 1474 1656 1313 1375 1049 1516 1077 1741 1739 1417 1533 1137 1173 1119 1790 1155 1081 1101 1223 1124 1620 1364 1861 1469 1655 1657 1746 1207 1597 1267 1049 1651 1234 1526 1230 1730 1291 1547 1199 1752 1902 1042 1203 1566 1576 1187 1256 1757 1591 1949 1934 1670 1773 1376 1232 1826 1536 1781 1118 1540 1180 1320 1565 1928 1360 1976 1556 1517 1863 1300 1021 1228 BCNSPRNW ULIB Ver.6.0+V

เปลี่ยนเป็นภาษาไทย

Change to English
 แสดงรายละเอียดบรรณานุกรม
  กลับหน้าหลัก

Brief Record : Get Marc (ISO 2709) : E-mail record : QR code < ปิดหน้าต่าง
LEADER : 00000nam 2200000uu 4500
001    13399109174
003     ULIB
008    110323s2553||||th 000 0 tha d
020    9789744141439
050  4 JQ1745 ^bค183ก 2553
100 0  คอตเลอร์, ฟิลิป
245 10 การตลาดสำหรับภาครัฐ =^bMarketing in public sector /^cผู้เขียน, Philip Kotler และ Nancy Lee
246 31 Marketing in public sector
250    พิมพ์ครั้งที่ 1
260    กรุงเทพฯ :^bเอ็กซเปอร์เน็ท,^c2553
300    438 หน้า :^bภาพประกอบ ;^c26 ซม.
440  0 ชุดเครื่องมือการบริหารสมัยใหม่
650  7 การบริหารรัฐกิจ^zไทย
650  7 การตลาด
945    ^p350^l0^i029952
945    ^p350^l0^i029951
995    เกษร
999 ^a ใช้งานได้ทุกระบบ
รายการนี้ยังไม่มีแท็ก
คุณยังไม่ได้ล็อกอิน คุณสามารถมีกิจกรรมร่วมกับเว็บไซต์ได้ แต่ต้องล็อกอินก่อน ::
  ล็อกอิน

รายการสื่อสารสนเทศ

ลำดับที่ ประเภท เลขเรียก/บาร์โค้ด สถานที่ สถานะ
- ไม่พบข้อมูล -

รายการใกล้เคียง
    ผู้แต่ง [คอตเลอร์, ฟิลิป]

    หัวเรื่อง [การตลาด]

BibComment


ยังไม่เคยถูกคอมเมนท์

คอมเมนท์ทรัพยากรรายการนี้
  คอมเมนท์: การตลาดสำหรับภาคร..


 Copyright 2026. Bcnsprnw @Library